Bytový dom
Enregistré dans:
| Auteur principal: | |
|---|---|
| Autres auteurs: | |
| Format: | Manuscrit Livre |
| Langue: | slovaque |
| Publié: |
2025
|
| Sujets: | |
| Accès en ligne: | http://is.stuba.sk/zp/portal_zp.pl?podrobnosti=167480 CRZP |
| Tags: |
Pas de tags, Soyez le premier à ajouter un tag!
|
MARC
| LEADER | 00000ntm a22000003a 4500 | ||
|---|---|---|---|
| 001 | stuzp104901 | ||
| 003 | SK-STU | ||
| 005 | 20250729110042.8 | ||
| 007 | ta | ||
| 008 | 150427s2015----xo-----f-mn---000-0-slo-d | ||
| 040 | |a STU |b slo | ||
| 041 | 0 | |a slo | |
| 100 | 1 | |a Romančíková, Monika |u 010180 |4 aut |U SvF Stavebná fakulta |T SvF Katedra konštrukcií pozemných stavieb |X 114864 |U V180 |Y 18 |7 114864 | |
| 242 | 0 | 1 | |a Residential Building |y eng |
| 245 | 1 | 0 | |a Bytový dom |
| 260 | |c 2025 | ||
| 650 | 4 | |a bytová jednotka |2 slo | |
| 650 | 4 | |a balkóny a terasy |2 slo | |
| 650 | 4 | |a slnolamy |2 slo | |
| 650 | 4 | |a nosný systém |2 slo | |
| 650 | 4 | |a polyfunkčný bytový dom |2 slo | |
| 650 | 4 | |a garážové státie |2 slo | |
| 650 | 4 | |a reinforced concrete structure |2 eng | |
| 650 | 4 | |a sunshades |2 eng | |
| 650 | 4 | |a bachelor thesis |2 eng | |
| 650 | 4 | |a apartment building |2 eng | |
| 650 | 4 | |a garage parking |2 eng | |
| 650 | 4 | |a balconies and terraces |2 eng | |
| 700 | 1 | |a Rabenseifer, Roman |u 010180 |k Z1 |4 ths |U SvF Stavebná fakulta |T SvF Katedra konštrukcií pozemných stavieb |X 727 |U V180 |Y 18 |7 A000000727 | |
| 856 | 4 | |u http://is.stuba.sk/zp/portal_zp.pl?podrobnosti=167480 | |
| 856 | 4 | |u https://opac.crzp.sk/?fn=detailBiblioForm&sid=C9A1C75A261DD259FC89421E26A3 |z CRZP | |